| 000 | 01135nam a2200349Ia 4500 | ||
|---|---|---|---|
| 001 | Z_7145 | ||
| 003 | CHAP | ||
| 008 | 220113s2003 xx 000 0 und d | ||
| 010 | _a170416 | ||
| 020 | _a84-8076-476-7 | ||
| 040 | _cCHAP | ||
| 082 | _a599.094 R53 | ||
| 100 |
_aRicharz, Klaus _9146892 |
||
| 245 |
_aMamíferos : cómo reconocerlos y determinarlos / _cKlaus Richarz y Gunter Steinbach ; ilustraciones Fritz Wendler y Steffen Walentowitz ; traducción Margarita Gutiérrez Manuel |
||
| 260 |
_aBarcelona, España : _bBlume, _c2003 |
||
| 300 | _a191 p. | ||
| 440 |
_aGuías de campo Blume _9146893 |
||
| 500 | _aTraducción del título original: Säugetiere | ||
| 503 | _aej.1: consumo \ ej.2: consumo | ||
| 650 |
_aMamíferos _xEuropa _9146894 |
||
| 650 |
_aMamíferos _xIdentificación _970248 |
||
| 700 |
_a Gutiérrez Manuel, Margarita, tr. _9146895 |
||
| 700 |
_a Walentowitz, Steffen, il. _9146896 |
||
| 700 |
_a Wendler, Fritz, il. _9146897 |
||
| 700 |
_aSteinbach, Guanter, coaut. _9146898 |
||
| 901 | _a599.094 R53 | ||
| 902 | _aM | ||
| 910 | _a2003 | ||
| 942 | _c1 | ||
| 942 | _cc1 | ||
| 999 |
_c170416 _d170416 |
||